Instrucción para el abono de indemnizaciones al personal facultativo de obras públicas / Ministerio de Fomento
Descripción Física:
31 p. ; 22'5 cm
MARC
| LEADER | 00000nam a2200000Ia 4500 | ||
|---|---|---|---|
| 001 | 11954 | ||
| 008 | 160829s1910 xx 000 0 cat d | ||
| 080 | |a RF-8-44 | ||
| 110 | 1 | |a Espanya. |b Ministerio de Fomento |9 54423 | |
| 245 | |a Instrucción para el abono de indemnizaciones al personal facultativo de obras públicas / Ministerio de Fomento | ||
| 260 | |a Madrid : |b (Imp. de Ricardo Rojas), |c 1910 | ||
| 300 | |a 31 p. ; |c 22'5 cm | ||
| 590 | |a Prové de OP-6942 | ||
| 650 | |a Obres públiques |x Personal |9 46836 | ||
| 650 | |a Espanya. Lleis, etc. |9 46837 | ||
| 650 | |a Indemnitzacions als treballadors |x Espanya |9 46838 | ||
| 856 | 4 | |u https://media.diba.cat/diba/fitxers/arxiu/fulletons/bib_11954_1910_baixa.pdf |y Accés lliure | |
| 856 | 4 | |u https://media.diba.cat/diba/fitxers/arxiu/fulletons/bib_11954_1910_baixa.pdf |y Accés lliure | |
| 901 | |a Arxiu | ||
| 942 | |n 1 |2 udc | ||
| 952 | |0 0 |1 0 |4 0 |6 RF844 |7 1 |9 53480 |a Arxiu |b Arxiu |d 2016-12-01 |l 0 |o RF-8-44 |p 11954 |r 2016-12-01 00:00:00 |w 2016-12-01 |y ARXIU | ||
| 999 | |c 57346 |d 57346 | ||
| 900 | |a bib_11954_1910_baixa.pdf | ||